Động cơ đốt trong

Salvato in:
Dettagli Bibliografici
Autore principale: Nguyễn Thạch
Natura: Libro
Lingua:Undetermined
Pubblicazione: Nha Trang Trường Đại học Thuỷ lợi 2001
Soggetti:
Tags: Aggiungi Tag
Nessun Tag, puoi essere il primo ad aggiungerne! !
Thư viện lưu trữ: Trung tâm Học liệu Trường Đại học Cần Thơ
LEADER 00555nam a2200181Ia 4500
001 CTU_66607
008 210402s9999 xx 000 0 und d
082 |a 621.43 
082 |b Th102 
100 |a Nguyễn Thạch 
245 0 |a Động cơ đốt trong 
245 0 |c Nguyễn Thạch 
260 |a Nha Trang 
260 |b Trường Đại học Thuỷ lợi 
260 |c 2001 
650 |a combustion engineering, heat engineering,internal combustion engines 
904 |i Truc 
980 |a Trung tâm Học liệu Trường Đại học Cần Thơ